000 01140nam a2200301 a 4500
001 000114072
003 CHAP
005 20220329144425.0
008 171025s2016 mx sm |||||||spa d
010 _a110533
011 _a111505
040 _cCHAP
090 _aTesis
100 1 _aCuriel Procopio, Williams Yair
_9133926
245 1 0 _aEfecto del glicerol o del eCG sobre la fertilidad de ovejas inseminadas intrauterinamente con semen congelado
_h[En línea]
_cWilliams Yair Curiel Procopio.
260 _aCocula, Gro. Méx. :
_bEl autor,
_c2016.
500 _aPara ver el contenido del material haga clic en la liga
502 _aTesis (Ingeniero Agrónomo Zootecnista) -- Colegio Superio Agropecuario del Estado de Guerrero
590 _aE6337LMJ
_b05
_c20171025
_lUCH01
_h1459
590 _aE6337LMJ
_b05
_c20171025
_lUCH01
_h1459
650 1 4 _aGanado lanar
_xCiclo estral.
_9132418
650 1 4 _aGanado lanar
_xFecundidad.
_945181
650 1 4 _aGanado lanar
_xInseminación artificial.
_9133930
856 _aFinding aid
_uhttp://10.13.5.2/tesis/sist114072.pdf
_zTeclea aquí
901 _aBK
942 _cTESIS
942 _n0
999 _c110533
_d110533